|
|
|
|
| LEADER |
01154nam a22002892a 4500 |
| 001 |
000382287 |
| 003 |
CZ BrMZK |
| 005 |
19980107143423.0 |
| 008 |
980107s1990 xr f cze d |
| 015 |
|
|
|a cnb000053255
|
| 035 |
|
|
|a (OCoLC)39405449
|
| 040 |
|
|
|a BOA001
|b cze
|
| 080 |
|
|
|a 372.851(075.2):376.353
|2 MRF
|
| 100 |
1 |
|
|a Kohút, Vladimír
|7 jx20040720015
|4 aut
|
| 245 |
1 |
0 |
|a Matematika pro 3. ročník základní školy pro neslyšící a základní školy pro žáky se zbytky sluchu.
|n Díl 2 /
|c Vladimír Kohút, Mária Kyselá ; ilustrace Ján Petrášek
|
| 250 |
|
|
|a 2. vyd.
|
| 260 |
|
|
|a Praha :
|b SPN,
|c 1990
|
| 300 |
|
|
|a 121 s.
|
| 490 |
1 |
|
|a Učebnice pro základní školy
|
| 700 |
1 |
|
|a Kyselá, Mária
|7 jx20040130017
|4 aut
|
| 700 |
1 |
|
|a Petrášek, Ján
|7 jn20000401968
|4 ill
|
| 830 |
|
0 |
|a Učebnice pro základní školy
|
| 910 |
|
|
|a BOA001
|b PK-N-0028.139,2
|
| 964 |
|
|
|a Matematika - učebnice - školy základní pro neslyšící
|
| 964 |
|
|
|a Matematika - učebnice - školy základní pro děti s vadami sluchu
|
| 990 |
|
|
|a BK
|
| 996 |
7 |
|
|b 3119815835
|c PK-N-0028.139/2
|l MZK
|r Sklad / do 1 hodiny
|n 0
|w 000382287
|u 000010
|a 1
|e BOA001
|j MZK50
|s A
|